| 000 | 00432nam a2200169Ia 4500 | ||
|---|---|---|---|
| 999 |
_c2801 _d2801 |
||
| 003 | GBCCL | ||
| 005 | 20241126110440.0 | ||
| 008 | 170921b xxu||||| |||| 00| 0 eng d | ||
| 040 | _cgbc | ||
| 082 |
_a235.47 _bZOL |
||
| 100 |
_aZoller, John E. _95900 |
||
| 245 |
_aSatan: _bhis personality and work |
||
| 260 |
_bZondervan, _aGrand Rapids : _c1972. |
||
| 300 | _a255p. ; | ||
| 650 |
_aSatan _95901 |
||
| 942 |
_e2ND PRINTING _2ddc _cBK _08 |
||